000 00420nam a2200181Ia 4500
001 13444
005 20260306164801.0
008 260306t2007||||xx |||||||||||||| ||spa||
041 _aESP
082 _a004.165
_bM12
100 _aMackenzie, I. Scott
_eAUT
245 0 _aMicrocontrolador 8051
260 _c2007
300 _a552 páginas :
_c23 cm.
650 _aGEN
654 _aCCC
942 _cLIB
_dJUS
_fJUS
_2ddc
_n
999 _c13444
_d13444